[Event "Wellington Mazur Memorial"]
[Site "Wellington"]
[Date "2010.11.30"]
[Round "7"]
[White "Whittle, Jonathan"]
[Black "Stephens, Dominick"]
[Result "1-0"]
[WhiteElo "1571"]
[BlackElo "1744"]
[PlyCount "71"]
[EventDate "2010.10.19"]
[EventType "swiss"]
[EventRounds "8"]
[EventCountry "NZL"]
[SourceTitle "EXT 2018"]
[Source "ChessBase"]
[SourceDate "2017.10.13"]
[SourceVersion "1"]
[SourceVersionDate "2017.10.13"]
[SourceQuality "1"]

1. e4 c6 2. d3 d5 3. Nd2 dxe4 4. dxe4 Nf6 5. Ngf3 Bg4 6. g3 Bxf3 7. Qxf3 e5 8. Bg2 Nbd7 9. 0-0 Bc5 10. a3 0-0 11. b4 Bd4 12. c3 Bb6 13. Nc4 Qe7 14. Rd1 Rfd8 15. Nd6 Nf8 16. Nf5 Rxd1+ 17. Qxd1 Qd8 18. Qe2 a5 19. Bb2 axb4 20. cxb4 Qc7 21. Rd1 Ne6 22. Rd6 Rd8 23. Bxe5 Rxd6 24. Bxd6 Qd8 25. e5 Ne8 26. Be7 Qa8 27. Qd3 Bd8 28. Bd6 Bc7 29. Bh3 f6 30. Ne7+ Kf7 31. Bxe6+ Kxe6 32. Qf5+ Kf7 33. Qd7 Qd8 34. e6+ Kf8 35. Nf5+ Kg8 36. Qf7+ 1-0

[Event "Wellington Mazur Memorial"]
[Site "Wellington"]
[Date "2010.11.09"]
[Round "4"]
[White "Stephens, Dominick"]
[Black "Wilson, Dallas JG"]
[Result "0-1"]
[WhiteElo "1744"]
[BlackElo "1712"]
[PlyCount "79"]
[EventDate "2010.10.19"]
[EventType "swiss"]
[EventRounds "8"]
[EventCountry "NZL"]
[SourceTitle "EXT 2018"]
[Source "ChessBase"]
[SourceDate "2017.10.13"]
[SourceVersion "1"]
[SourceVersionDate "2017.10.13"]
[SourceQuality "1"]

1. f4 d5 2. b3 c5 3. e3 Nf6 4. Bb2 Nc6 5. Bb5 a6 6. Bxc6+ bxc6 7. Nf3 Bf5 8. 0-0 e6 9. d3 Bd6 10. Nbd2 Nd7 11. Bxg7 Rg8 12. Bh6 Qf6 13. Bg5 Qg7 14. Rf2 f6 15. Bh4 0-0-0 16. Kh1 Rdf8 17. a3 e5 18. g3 e4 19. Ne1 Qh6 20. dxe4 dxe4 21. Nc4 Bc7 22. Nd6+ Bxd6 23. Qxd6 Nb8 24. Qxc5 Bg4 25. Qc3 Qh5 26. Bxf6 Qh3 27. Be5 Rd8 28. Bxb8 Kxb8 29. Qe5+ Kb7 30. Qxe4 Be6 31. Qf3 h5 32. Ng2 Rd7 33. f5 Bd5 34. e4 Bf7 35. e5 Bd5 36. Qf4 Rg4 37. Qe3 h4 38. Kg1 hxg3 39. hxg3 Rh7 40. Nh4 0-1